000 01511namaa22003371i 4500
003 EG-GICUC
005 20260115120951.0
008 260115s1994 sy ||||jr|||| 001 0 ara d
020 _a2901315194
040 _aEG-GiCUC
_bara
_cEG-GiCUC
_dEG-GiCUC
_erda
082 0 4 _221
_a411.6
_bK31
092 0 4 _221
_a411.6
_bK31
099 _a411.6 K31
100 1 _aزاده، ابن كمال باشا
_d 1469-1534.
_eمؤلف.
245 _aالتنبيه على غلط الجاهل والنبيه /
_cتأليف ابن كمال باشا المعروف بابن كمال باشا زاده أو ابن الوزير ؛ ضبط وتحقيق محمد سواعى
264 _aدمشق (سوريا) :
_bالمعهد الفرنسى للدراسات العربية،
_c1994.
300 _a123،16 : صفحة
_bايضاحيات،
_c24 سم
336 _2rdacontent
_atext
337 _2rdamedia
_aUnmediated
338 _2rdacarrier
_avolume
500 _aيشتمل على صفحة عنوان ومقدمة وملخص باللغة الانجليزية.
504 _aيشتمل على ارجاعات ببليوجرافية وكشافات.
541 _aد. جابر عصفور ؛
_bالقاهرة ؛
_cإهداء ؛
_d2024.
650 1 7 _aاللغة العربية
_xالنطق
_2qrmak
650 1 7 _aاللغة العربية
_xألفاظ
_2qrmak
650 1 7 _aاللغة العربية
_xالنحو
_2qrmak
651 1 _2qrmak
700 1 _aسواعى، محمد
_eمحقق.
905 _aNermeen
942 _2ddc
_cBK
_e21
_n0
999 _c177725
_d177725